000 00444nam a22001577a 4500
003 OSt
005 20251125090508.0
008 251125b |||||||| |||| 00| 0 eng d
040 _aDWCL-Main lib
_cOC
082 _aFil. 336.24 V153i 2000
100 _aEdwin G. Valencia
245 _aIncome taxation/
_cEdwin G. Valencia
260 _aManila :
_bInter-Campus Trading,
_cc2000.
300 _a460 p.
_bill. ;
_c22 cm.
942 _2ddc
_cBK - FIL
_kFil.
_n0
999 _c6161
_d6161